[Event "14th IBM tournament"]
[Site "Amsterdam NED"]
[Date "1974.07.16"]
[Round "1"]
[White "Planinc, Albin"]
[Black "Donner, Jan"]
[WhiteElo "2545"]
[BlackElo "2495"]
[Result "1/2-1/2"]
[EventDate "1974.07.16"]
[PlyCount "80"]

1.e4 d6 2.d4 Nf6 3.Nc3 g6 4.Nf3 Bg7 5.Be2 O-O 6.O-O Bg4 7.Be3 Nc6 8.Qd2 e5
9.d5 Ne7 10.Rad1 Bd7 11.Bh6 Ne8 12.Bxg7 Nxg7 13.g3 f6 14.Nh4 f5 15.Ng2 
fxe4 16.Nxe4 Nef5 17.f4 Qe7 18.Rde1 Rae8 19.Bd3 Qd8 20.fxe5 dxe5 21.Qg5 c6
22.Qxd8 Rxd8 23.Nc5 cxd5 24.Nxd7 Rxd7 25.Rxe5 Ne7 26.Nf4 Rfd8 27.Bb5 Nc6 
28.Rxd5 Rxd5 29.Nxd5 Nf5 30.Nc3 Ncd4 31.Bd3 Ne3 32.Rf2 Rf8 33.Be4 b6 34.h3
Rxf2 35.Kxf2 Nexc2 36.Nd5 Kf7 37.h4 h6 38.Ne3 Nxe3 39.Kxe3 Nf5+ 40.Kf4 Nd6
1/2-1/2

[Event "14th IBM tournament"]
[Site "Amsterdam NED"]
[Date "1974.07.16"]
[Round "1"]
[White "Tukmakov, Vladimir"]
[Black "Sosonko, Gennadi"]
[WhiteElo "2570"]
[BlackElo "2450"]
[Result "1-0"]
[EventDate "1974.07.16"]
[PlyCount "65"]

1.e4 c5 2.Nf3 d6 3.d4 cxd4 4.Nxd4 Nf6 5.Nc3 g6 6.f3 Bg7 7.Be3 Nc6 8.Qd2 
O-O 9.Bc4 Bd7 10.O-O-O Rc8 11.Bb3 Ne5 12.h4 h5 13.Kb1 Nc4 14.Bxc4 Rxc4 15.
Nb3 Qc7 16.Bd4 Be6 17.g4 Rc8 18.gxh5 Nxh5 19.Rdg1 Kh7 20.Bxg7 Kxg7 21.Nd4 
Qc5 22.Nce2 Ra4 23.b3 Ra6 24.Rg5 Qa3 25.Nc1 Rc5 26.Rhg1 Bd7 27.Nf5+ Bxf5 
28.Rxh5 Bh3 29.Qh6+ Kf6 30.Qf4+ Ke6 31.Rh7 f6 32.Qg3 f5 33.Qxh3 1-0

[Event "14th IBM tournament"]
[Site "Amsterdam NED"]
[Date "1974.07.17"]
[Round "2"]
[White "Geller, Efim"]
[Black "Ivkov, Borislav"]
[WhiteElo "2610"]
[BlackElo "2530"]
[Result "1/2-1/2"]
[EventDate "1974.07.16"]
[PlyCount "74"]

1.e4 c5 2.Nf3 d6 3.d4 cxd4 4.Nxd4 Nf6 5.Nc3 g6 6.Be3 Bg7 7.f3 Nc6 8.Qd2 
O-O 9.Bc4 Bd7 10.Bb3 Rc8 11.h4 Ne5 12.O-O-O Nc4 13.Bxc4 Rxc4 14.h5 Nxh5 
15.g4 Nf6 16.Nd5 e6 17.Nxf6+ Qxf6 18.Qh2 Rfc8 19.Qxh7+ Kf8 20.c3 b5 21.Bh6
Bxh6+ 22.Qxh6+ Ke7 23.Qd2 b4 24.Ne2 R8c6 25.g5 Qxf3 26.Rhf1 bxc3 27.Nxc3 
Rxc3+ 28.bxc3 Qxc3+ 29.Qxc3 Rxc3+ 30.Kb2 Rc4 31.Rf4 e5 32.Rf6 Be6 33.Re1 
Ra4 34.a3 Rd4 35.Kc3 Rc4+ 36.Kb2 Rd4 37.Kc3 Rc4+ 1/2-1/2

[Event "14th IBM tournament"]
[Site "Amsterdam NED"]
[Date "1974.07.17"]
[Round "2"]
[White "Sosonko, Gennadi"]
[Black "Lombardy, William James"]
[WhiteElo "2450"]
[BlackElo "2520"]
[Result "1/2-1/2"]
[EventDate "1974.07.16"]
[PlyCount "76"]

1.d4 Nf6 2.c4 e6 3.g3 d5 4.Bg2 dxc4 5.Nf3 a6 6.O-O b5 7.Ne5 Nd5 8.a4 Bb7 
9.e4 Nf6 10.axb5 axb5 11.Rxa8 Bxa8 12.Nc3 c6 13.Bg5 Be7 14.Qa1 Bb7 15.Qa7 
Qc8 16.d5 O-O 17.dxe6 fxe6 18.Bh3 Na6 19.Be3 Kh8 20.Ra1 Bd6 21.Rxa6 Bxa6 
22.Nf7+ Rxf7 23.Qxf7 Qd7 24.Qxd7 Nxd7 25.Bxe6 Nc5 26.e5 Be7 27.Bxc5 Bxc5 
28.Bd7 Bb7 29.Ne4 Be7 30.f4 Kg8 31.Kf2 Kf8 32.Nd6 Bxd6 33.exd6 b4 34.Ke3 
c5 35.Be6 Ke8 36.h4 Kd8 37.Bf5 h6 38.Be6 Bc8 1/2-1/2

[Event "14th IBM tournament"]
[Site "Amsterdam NED"]
[Date "1974.07.18"]
[Round "3"]
[White "Jansa, Vlastimil"]
[Black "Knaak, Rainer"]
[WhiteElo "2535"]
[BlackElo "2515"]
[Result "1-0"]
[EventDate "1974.07.16"]
[PlyCount "55"]

1.e4 Nc6 2.Nf3 e5 3.Bb5 a6 4.Ba4 d6 5.O-O Bd7 6.d4 Nf6 7.c3 Qe7 8.Nbd2 g6 
9.b4 Bg7 10.Re1 O-O 11.a3 Nh5 12.Bb2 Rae8 13.Qc2 Nf4 14.Rad1 b5 15.Bb3 Bg4
16.h3 Bd7 17.Nf1 Qf6 18.N1h2 Qd8 19.Ng4 h5 20.Ne3 Qf6 21.Nd5 Qd8 22.Nxf4 
exf4 23.c4 g5 24.h4 gxh4 25.cxb5 axb5 26.e5 Kh8 27.Ba2 Ne7 28.Nxh4 1-0

[Event "14th IBM tournament"]
[Site "Amsterdam NED"]
[Date "1974.07.18"]
[Round "3"]
[White "Langeweg, Christian"]
[Black "Sosonko, Gennadi"]
[WhiteElo "2390"]
[BlackElo "2450"]
[Result "1/2-1/2"]
[EventDate "1974.07.16"]
[PlyCount "27"]

1.Nf3 Nf6 2.c4 e6 3.Nc3 d5 4.d4 Bb4 5.e3 O-O 6.Bd3 Nc6 7.O-O dxc4 8.Bxc4 
Bd6 9.Bb5 e5 10.Bxc6 exd4 11.Nxd4 bxc6 12.Nxc6 Qe8 13.Nd4 Bb7 14.h3 
1/2-1/2

[Event "14th IBM tournament"]
[Site "Amsterdam NED"]
[Date "1974.07.18"]
[Round "3"]
[White "Planinc, Albin"]
[Black "Kaplan, Julio"]
[WhiteElo "2545"]
[BlackElo "2460"]
[Result "1/2-1/2"]
[EventDate "1974.07.16"]
[PlyCount "49"]

1.e4 c5 2.Nf3 d6 3.d4 cxd4 4.Nxd4 Nf6 5.Nc3 g6 6.Be3 Bg7 7.f3 Nc6 8.Qd2 
O-O 9.Bc4 Bd7 10.O-O-O Rc8 11.Bb3 Ne5 12.Rhe1 Nc4 13.Bxc4 Rxc4 14.Nb3 Qc7 
15.Bg5 Be6 16.Nb5 Qb6 17.N5d4 Rfc8 18.Kb1 Bd7 19.Rc1 a5 20.Be3 a4 21.Qa5 
Qc7 22.Qxc7 R4xc7 23.Nd2 e5 24.Ne2 d5 25.Bg5 1/2-1/2

[Event "14th IBM tournament"]
[Site "Amsterdam NED"]
[Date "1974.07.18"]
[Round "3"]
[White "Ree, Hans"]
[Black "Donner, Jan"]
[WhiteElo "2425"]
[BlackElo "2495"]
[Result "1-0"]
[EventDate "1974.07.16"]
[PlyCount "107"]

1.e4 d6 2.d4 Nf6 3.Nc3 g6 4.f4 Bg7 5.Nf3 O-O 6.Bd3 Nc6 7.O-O Bg4 8.e5 dxe5
9.dxe5 Nd5 10.h3 Nxc3 11.bxc3 Bf5 12.Be3 Bxd3 13.cxd3 Qd7 14.d4 Na5 15.Qe2
Qc6 16.Qd3 Qc4 17.Qc2 f5 18.Nd2 Qc6 19.c4 e6 20.Rac1 Qd7 21.Nb3 Nxb3 22.
Qxb3 b6 23.d5 Rad8 24.Rfd1 c6 25.dxe6 Qxe6 26.c5 Qxb3 27.axb3 b5 28.Rd6 
Rc8 29.Rd7 a5 30.Rcd1 Ra8 31.Rc7 Rfc8 32.Rxc8+ Rxc8 33.Rd7 g5 34.g3 gxf4 
35.gxf4 Bf8 36.Ra7 Rd8 37.Rxa5 Rd3 38.Kf2 Kf7 39.Ra6 Ke6 40.Rxc6+ Kd5 41.
Rc8 Be7 42.Rc7 Bh4+ 43.Kf3 Rxb3 44.Rxh7 Be1 45.Rd7+ Ke6 46.Rd6+ Ke7 47.c6 
Rc3 48.Ke2 Bg3 49.Rg6 Bh4 50.Rh6 Bg3 51.Bd2 Rc2 52.Rh7+ Ke6 53.c7 b4 54.
Kf3 1-0

[Event "14th IBM tournament"]
[Site "Amsterdam NED"]
[Date "1974.07.19"]
[Round "4"]
[White "Knaak, Rainer"]
[Black "Planinc, Albin"]
[WhiteElo "2515"]
[BlackElo "2545"]
[Result "1-0"]
[EventDate "1974.07.16"]
[PlyCount "73"]

1.d4 Nf6 2.c4 b6 3.Nc3 Bb7 4.f3 d5 5.cxd5 Nxd5 6.Nxd5 Qxd5 7.e4 Qd6 8.Bd3 
Qb4+ 9.Qd2 e5 10.Ne2 exd4 11.Nxd4 Nd7 12.Be2 O-O-O 13.a3 Qe7 14.Qc3 c5 15.
Be3 Ne5 16.O-O g6 17.Qc2 Bg7 18.Nb5 Nc6 19.Bc4 a6 20.Nc3 Nd4 21.Qf2 f5 22.
Nd5 Bxd5 23.Bxd5 f4 24.Bd2 Nb3 25.Bc3 Nxa1 26.Rxa1 Bxc3 27.bxc3 Qe5 28.Qf1
Rxd5 29.Qxa6+ Kc7 30.Qa7+ Kc6 31.Rb1 Qb8 32.exd5+ Kxd5 33.Qd7+ Kc4 34.Qe6+
Kd3 35.Qd5+ Kc2 36.Qd1+ Kxc3 37.Rb3+ 1-0

[Event "14th IBM tournament"]
[Site "Amsterdam NED"]
[Date "1974.07.21"]
[Round "5"]
[White "Planinc, Albin"]
[Black "Geller, Efim"]
[WhiteElo "2545"]
[BlackElo "2610"]
[Result "1/2-1/2"]
[EventDate "1974.07.16"]
[PlyCount "34"]

1.g3 d5 2.Bg2 c6 3.d3 Nf6 4.Nd2 e5 5.Ngf3 Nbd7 6.O-O Bc5 7.c3 O-O 8.b4 Bb6
9.e4 a5 10.Bb2 axb4 11.cxb4 Re8 12.Qb3 Bc7 13.exd5 cxd5 14.Rfe1 b5 15.Re2 
Bb7 16.Rae1 Qb8 17.a3 Qa7 1/2-1/2

[Event "14th IBM tournament"]
[Site "Amsterdam NED"]
[Date "1974.07.22"]
[Round "6"]
[White "Knaak, Rainer"]
[Black "Ree, Hans"]
[WhiteElo "2515"]
[BlackElo "2425"]
[Result "0-1"]
[EventDate "1974.07.16"]
[PlyCount "46"]

1.d4 d5 2.c4 c6 3.Nf3 Nf6 4.cxd5 cxd5 5.Nc3 Nc6 6.Bf4 Bf5 7.e3 e6 8.Bb5 
Nd7 9.Ne5 Ncxe5 10.Bxe5 a6 11.Bxd7+ Qxd7 12.O-O f6 13.Bg3 Rc8 14.Rc1 Be7 
15.Qb3 O-O 16.Na4 Rxc1 17.Rxc1 Rc8 18.Rc3 Rxc3 19.Nxc3 b5 20.f3 b4 21.Qa4 
Qc8 22.Ne2 Bc2 23.Qa5 Bd3 0-1

[Event "14th IBM tournament"]
[Site "Amsterdam NED"]
[Date "1974.07.22"]
[Round "6"]
[White "Sosonko, Gennadi"]
[Black "Donner, Jan"]
[WhiteElo "2450"]
[BlackElo "2495"]
[Result "1-0"]
[EventDate "1974.07.16"]
[PlyCount "65"]

1.d4 Nf6 2.c4 e6 3.g3 d5 4.Bg2 dxc4 5.Nf3 a6 6.O-O b5 7.Ne5 Nd5 8.a4 Bb7 
9.e4 Nf6 10.axb5 axb5 11.Rxa8 Bxa8 12.Nc3 c6 13.Bg5 Bb7 14.d5 Be7 15.dxe6 
fxe6 16.Bh3 Qxd1 17.Rxd1 Nfd7 18.Bf4 Bf6 19.Nxd7 Nxd7 20.Bxe6 Ne5 21.Bxe5 
Bxe5 22.f4 Ke7 23.Bf5 Bd6 24.e5 Bc5+ 25.Kg2 Rd8 26.Rxd8 Kxd8 27.Bxh7 Bd4 
28.Be4 b4 29.Nd1 Bxb2 30.Nxb2 c3 31.Nd3 c5 32.Bxb7 c2 33.Bd5 1-0

[Event "14th IBM tournament"]
[Site "Amsterdam NED"]
[Date "1974.07.22"]
[Round "6"]
[White "Tukmakov, Vladimir"]
[Black "Planinc, Albin"]
[WhiteElo "2570"]
[BlackElo "2545"]
[Result "1-0"]
[EventDate "1974.07.16"]
[PlyCount "87"]

1.e4 e5 2.Nf3 d6 3.d4 Nf6 4.Nc3 Nbd7 5.Bc4 Be7 6.O-O O-O 7.Re1 c6 8.a4 a5 
9.h3 exd4 10.Nxd4 Nc5 11.Bf4 Re8 12.Qf3 Bf8 13.Rad1 Ncd7 14.Bb3 g6 15.g4 
Qe7 16.Nxc6 bxc6 17.Bxd6 Qd8 18.Bg3 Re6 19.Bxe6 fxe6 20.e5 Nd5 21.Ne4 Ba6 
22.b3 Bg7 23.c4 Nb4 24.Nc5 Nxc5 25.Rxd8+ Rxd8 26.Rd1 Ncd3 27.Bh4 Rf8 28.
Qe3 Nxe5 29.Rd8 Rxd8 30.Bxd8 c5 31.Bc7 Nbc6 32.Qxc5 Nf3+ 33.Kg2 Nfd4 34.
Qb6 Bc8 35.Bd6 e5 36.Bc5 Be6 37.Bxd4 Nxd4 38.Qxa5 Nxb3 39.Qd8+ Bf8 40.a5 
Bxc4 41.a6 Bxa6 42.Qd5+ Kg7 43.Qxe5+ Kh6 44.Qe3+ 1-0

[Event "14th IBM tournament"]
[Site "Amsterdam NED"]
[Date "1974.07.23"]
[Round "7"]
[White "Ree, Hans"]
[Black "Geller, Efim"]
[WhiteElo "2425"]
[BlackElo "2610"]
[Result "1/2-1/2"]
[EventDate "1974.07.16"]
[PlyCount "58"]

1.c4 Nf6 2.Nc3 e6 3.Nf3 d5 4.cxd5 exd5 5.d4 c6 6.Bg5 Be7 7.e3 Bf5 8.Bd3 
Bxd3 9.Bxf6 Bxf6 10.Qxd3 O-O 11.O-O Be7 12.Rab1 a5 13.a3 Nd7 14.b4 axb4 
15.axb4 b5 16.e4 Nb6 17.Ne5 Rc8 18.Rfe1 Re8 19.Qf3 Bf6 20.exd5 Bxe5 21.
dxe5 Nxd5 22.Rbd1 Qe7 23.Nxd5 cxd5 24.Qxd5 Qxb4 25.Rb1 Qc5 26.Rxb5 Qxd5 
27.Rxd5 f6 28.f4 fxe5 29.fxe5 Rcd8 1/2-1/2

[Event "14th IBM tournament"]
[Site "Amsterdam NED"]
[Date "1974.07.24"]
[Round "8"]
[White "Geller, Efim"]
[Black "Lombardy, William James"]
[WhiteElo "2610"]
[BlackElo "2520"]
[Result "1-0"]
[EventDate "1974.07.16"]
[PlyCount "114"]

1.e4 c5 2.Nf3 e6 3.d4 cxd4 4.Nxd4 Nf6 5.Nc3 d6 6.Be2 Nc6 7.Be3 Be7 8.f4 
O-O 9.O-O Bd7 10.Nb3 Qc7 11.Kh1 Rfd8 12.Qe1 Nb4 13.Rc1 Bc6 14.Nd4 a5 15.
Bf3 d5 16.e5 Ne4 17.Nxc6 Qxc6 18.Bxe4 dxe4 19.Bg1 Qc4 20.b3 Qc6 21.a4 Bh4 
22.Qe3 Nd5 23.Nxd5 exd5 24.c3 Be7 25.f5 Rac8 26.Qg3 Ba3 27.Bd4 Bxc1 28.e6 
f6 29.Bxf6 Bh6 30.Bxd8 Rxd8 31.e7 Re8 32.f6 Qe6 33.f7+ Qxf7 34.Rxf7 Kxf7 
35.Kg1 Rxe7 36.Kf1 Ke6 37.Ke2 e3 38.Qb8 Rf7 39.Qc8+ Ke5 40.Qe8+ Kf6 41.
Qd8+ Ke6 42.Qe8+ Re7 43.Qc8+ Kd6 44.h4 g6 45.Qd8+ Ke6 46.Qb6+ Ke5 47.g4 
Rf7 48.g5 Bg7 49.Kxe3 Re7 50.Kd3 Rf7 51.Qxa5 Rf3+ 52.Ke2 Rf7 53.Qd8 Ke6 
54.Qb6+ Kf5 55.Kd3 Be5 56.Qd8 Ke6 57.Qe8+ Re7 1-0

[Event "14th IBM tournament"]
[Site "Amsterdam NED"]
[Date "1974.07.24"]
[Round "8"]
[White "Ivkov, Borislav"]
[Black "Planinc, Albin"]
[WhiteElo "2530"]
[BlackElo "2545"]
[Result "1/2-1/2"]
[EventDate "1974.07.16"]
[PlyCount "52"]

1.e4 e5 2.Nf3 d6 3.d4 Nf6 4.Nc3 Nbd7 5.Bc4 Be7 6.O-O O-O 7.Re1 c6 8.a4 a5 
9.h3 exd4 10.Nxd4 Nc5 11.Bf4 Qb6 12.Nb3 Be6 13.Bxe6 Nxe6 14.Be3 Qc7 15.Nd4
Nxd4 16.Bxd4 Rad8 17.Qf3 Nd7 18.Rad1 Rfe8 19.Qg3 Bf6 20.Bxf6 Nxf6 21.e5 
dxe5 22.Rxd8 Rxd8 23.Qxe5 Qxe5 24.Rxe5 b6 25.Kf1 Kf8 26.Ke2 Nd7 1/2-1/2

[Event "14th IBM tournament"]
[Site "Amsterdam NED"]
[Date "1974.07.24"]
[Round "8"]
[White "Tukmakov, Vladimir"]
[Black "Ree, Hans"]
[WhiteElo "2570"]
[BlackElo "2425"]
[Result "1/2-1/2"]
[EventDate "1974.07.16"]
[PlyCount "126"]

1.e4 c5 2.Nf3 e6 3.d4 cxd4 4.Nxd4 Nf6 5.Nc3 d6 6.g4 h6 7.Rg1 Nc6 8.Be2 d5 
9.exd5 exd5 10.Be3 Bb4 11.Nxc6 bxc6 12.Qd4 Qa5 13.a3 Bxc3+ 14.bxc3 Be6 15.
f4 Kf8 16.f5 Bd7 17.Qb4+ Qxb4 18.axb4 h5 19.g5 Ne4 20.Rf1 Nxc3 21.Bd3 h4 
22.Rxa7 Rxa7 23.Bxa7 Rh5 24.Bc5+ Kg8 25.Be7 f6 26.gxf6 gxf6 27.Bxf6 Ne4 
28.Rg1+ Kf7 29.Rg7+ Kxf6 30.Rxd7 Ke5 31.Bxe4 dxe4 32.f6 Kxf6 33.Rd6+ Ke5 
34.Rxc6 Kf4 35.Kf2 Rd5 36.Ke2 Rg5 37.Rf6+ Ke5 38.Rf8 Kd4 39.Rd8+ Kc3 40.
Ke3 Kxb4 41.Rh8 Rg4 42.Kd4 Kb5 43.Rh6 Ka5 44.h3 Rf4 45.Rc6 Rf2 46.Rc3 e3 
47.Kxe3 Rh2 48.Kf4 Kb4 49.Rb3+ Kc5 50.Rc3+ Kb4 51.Rb3+ Kc5 52.Kg4 Rxc2 53.
Kxh4 Kd4 54.Rb5 Ke4 55.Kg5 Rg2+ 56.Kf6 Rf2+ 57.Kg6 Rg2+ 58.Kh5 Kf4 59.h4 
Rg8 60.Rb4+ Kf5 61.Kh6 Kf6 62.Rf4+ Ke5 63.Rf7 Rh8+ 1/2-1/2

[Event "14th IBM tournament"]
[Site "Amsterdam NED"]
[Date "1974.07.26"]
[Round "9"]
[White "Csom, Istvan"]
[Black "Kaplan, Julio"]
[WhiteElo "2540"]
[BlackElo "2460"]
[Result "1/2-1/2"]
[EventDate "1974.07.16"]
[PlyCount "99"]

1.Nf3 g6 2.d4 Bg7 3.c4 d6 4.g3 c5 5.Bg2 cxd4 6.Nxd4 Qb6 7.Nb5 a6 8.Be3 
Qa5+ 9.N5c3 Nf6 10.h3 O-O 11.Nd2 Nc6 12.a3 Be6 13.b4 Qd8 14.Nd5 Nd7 15.Rc1
Bxd5 16.cxd5 Nd4 17.Nc4 Nf5 18.Bd2 Ne5 19.Qb3 Nd4 20.Qb1 Nxc4 21.Rxc4 Rc8 
22.Rc1 Rxc1+ 23.Bxc1 Qc7 24.e3 Rc8 25.exd4 Qxc1+ 26.Qxc1 Rxc1+ 27.Kd2 Rxh1
28.Bxh1 Bxd4 29.f3 b5 30.Bg2 Bb2 31.a4 bxa4 32.Kc2 Ba3 33.Kc3 Bc1 34.Bf1 
a3 35.Bc4 Kg7 36.Kb3 Kf6 37.Bxa6 Ke5 38.Bb5 Kd4 39.Be8 f6 40.Bf7 Kd3 41.
Bg8 Ke2 42.Bxh7 Kxf3 43.Bxg6 Kxg3 44.Bf5 Kf4 45.Be6 f5 46.b5 Be3 47.Kxa3 
Ke5 48.Kb3 f4 49.Kc2 f3 50.Kd1 1/2-1/2

[Event "14th IBM tournament"]
[Site "Amsterdam NED"]
[Date "1974.07.26"]
[Round "9"]
[White "Jansa, Vlastimil"]
[Black "Sosonko, Gennadi"]
[WhiteElo "2535"]
[BlackElo "2450"]
[Result "1-0"]
[EventDate "1974.07.16"]
[PlyCount "69"]

1.g3 g6 2.Bg2 Bg7 3.c4 c5 4.Nc3 Nc6 5.a3 Nf6 6.Rb1 a5 7.Nf3 d5 8.cxd5 Nxd5
9.Qa4 Nc7 10.d3 O-O 11.Ne4 Ne6 12.b4 cxb4 13.axb4 Nxb4 14.Ba3 Na6 15.Qb3 
Bd7 16.Qb6 Bc6 17.O-O Qd7 18.Ned2 a4 19.Nc4 Nd4 20.Nxd4 Bxd4 21.Bxc6 bxc6 
22.Qb7 Ra7 23.Qxd7 Rxd7 24.Rfc1 Rb8 25.Rxb8+ Nxb8 26.e3 Ba7 27.Ne5 Rd8 28.
Nxc6 Nxc6 29.Rxc6 e5 30.Ra6 Rd7 31.Rxa4 Bb6 32.Ra8+ Kg7 33.Bf8+ Kf6 34.Ra6
Rb7 35.Bc5 1-0

[Event "14th IBM tournament"]
[Site "Amsterdam NED"]
[Date "1974.07.27"]
[Round "10"]
[White "Jansa, Vlastimil"]
[Black "Planinc, Albin"]
[WhiteElo "2535"]
[BlackElo "2545"]
[Result "1-0"]
[EventDate "1974.07.16"]
[PlyCount "55"]

1.e4 c5 2.Nf3 e6 3.d4 cxd4 4.Nxd4 Nf6 5.Nc3 d6 6.Be2 a6 7.O-O Nbd7 8.f4 b5
9.Bf3 Bb7 10.e5 Bxf3 11.Nxf3 dxe5 12.fxe5 Ng4 13.Qe2 Rc8 14.Bf4 Qb6+ 15.
Kh1 Be7 16.Rad1 Nf8 17.Ng5 Nh6 18.Nge4 Nf5 19.g4 Nh4 20.Bg5 Nfg6 21.Bxe7 
Kxe7 22.Nd6 Qc6+ 23.Kg1 Qc5+ 24.Kh1 Qc6+ 25.Nce4 Nxe5 26.Qe3 f6 27.Qa3 
Rcd8 28.Nf5+ 1-0

[Event "14th IBM tournament"]
[Site "Amsterdam NED"]
[Date "1974.07.27"]
[Round "10"]
[White "Knaak, Rainer"]
[Black "Csom, Istvan"]
[WhiteElo "2515"]
[BlackElo "2540"]
[Result "1/2-1/2"]
[EventDate "1974.07.16"]
[PlyCount "63"]

1.d4 Nf6 2.c4 e6 3.Nc3 Bb4 4.e3 c5 5.Bd3 Nc6 6.Nf3 Bxc3+ 7.bxc3 d6 8.e4 e5
9.d5 Ne7 10.Nh4 h6 11.f4 Ng6 12.Nxg6 fxg6 13.O-O O-O 14.f5 gxf5 15.exf5 
Qe7 16.Qe2 b6 17.Bd2 Ba6 18.Be4 Rf7 19.Rf2 Raf8 20.g4 Nxe4 21.Qxe4 Qh4 22.
Raf1 h5 23.Rg2 hxg4 24.Rxg4 Qh7 25.Rh4 Rxf5 26.Rxh7 Rxf1+ 27.Kg2 R8f2+ 28.
Kg3 Rf3+ 29.Kg2 R3f2+ 30.Kg3 Rf3+ 31.Kg2 R3f2+ 32.Kg3 1/2-1/2

[Event "14th IBM tournament"]
[Site "Amsterdam NED"]
[Date "1974.07.29"]
[Round "11"]
[White "Kaplan, Julio"]
[Black "Knaak, Rainer"]
[WhiteElo "2460"]
[BlackElo "2515"]
[Result "0-1"]
[EventDate "1974.07.16"]
[PlyCount "90"]

1.e4 Nc6 2.Nf3 e5 3.Bb5 a6 4.Ba4 d6 5.Bxc6+ bxc6 6.d4 exd4 7.Qxd4 c5 8.Qd3
Ne7 9.Nc3 Ng6 10.h4 h5 11.Bg5 Be7 12.Bxe7 Qxe7 13.Nd5 Qd8 14.O-O-O O-O 15.
Ng5 Rb8 16.f4 Bg4 17.Rdf1 c6 18.Ne3 Qa5 19.Nxg4 hxg4 20.a3 Rb7 21.Qd2 Qb5 
22.b3 c4 23.h5 Nh4 24.h6 cxb3 25.Qxd6 Re8 26.Qb4 Qe2 27.Qc3 f6 28.Re1 
Qxc2+ 29.Qxc2 bxc2 30.Rxh4 fxg5 31.Rhh1 gxf4 32.hxg7 Kxg7 33.Kxc2 Kg6 34.
e5 Rbe7 35.Re4 Kg5 36.Rf1 Rxe5 37.Rexf4 Re2+ 38.Kd3 Rxg2 39.Rc4 Rg3+ 40.
Kd2 Rxa3 41.Rxc6 g3 42.Rf7 Kg4 43.Rh6 Ra2+ 44.Kd3 Rg8 45.Rh1 Rf2 0-1

[Event "14th IBM tournament"]
[Site "Amsterdam NED"]
[Date "1974.07.29"]
[Round "11"]
[White "Planinc, Albin"]
[Black "Sosonko, Gennadi"]
[WhiteElo "2545"]
[BlackElo "2450"]
[Result "1/2-1/2"]
[EventDate "1974.07.16"]
[PlyCount "85"]

1.g3 Nf6 2.Bg2 d5 3.d3 c5 4.Nf3 Nc6 5.O-O g6 6.Nbd2 Bg7 7.e4 O-O 8.Re1 d4 
9.e5 Nd5 10.a4 Rb8 11.Nc4 b6 12.Bd2 a6 13.Ng5 h6 14.Ne4 Ncb4 15.f4 Qc7 16.
Nf2 Rd8 17.c3 Nc6 18.Qf3 dxc3 19.bxc3 b5 20.axb5 axb5 21.Nd6 exd6 22.Qxd5 
Ne7 23.Qf3 Bb7 24.Ra7 Bxf3 25.Rxc7 Nd5 26.exd6 Bxg2 27.Kxg2 Bxc3 28.Bxc3 
Nxc3 29.Ree7 Nd5 30.Ne4 Nxe7 31.dxe7 Re8 32.Nf6+ Kg7 33.Nxe8+ Rxe8 34.Rxc5
Rxe7 35.Rxb5 Re2+ 36.Kh3 Rd2 37.Rd5 h5 38.d4 Kf6 39.g4 hxg4+ 40.Kxg4 Rxh2 
41.Kf3 Ke6 42.Re5+ Kd6 43.f5 1/2-1/2

[Event "14th IBM tournament"]
[Site "Amsterdam NED"]
[Date "1974.07.30"]
[Round "12"]
[White "Geller, Efim"]
[Black "Kaplan, Julio"]
[WhiteElo "2610"]
[BlackElo "2460"]
[Result "1/2-1/2"]
[EventDate "1974.07.16"]
[PlyCount "46"]

1.e4 e5 2.Nf3 Nc6 3.Bb5 Nf6 4.O-O Nxe4 5.d4 a6 6.Bxc6 dxc6 7.Qe2 Bf5 8.Rd1
Be7 9.dxe5 Qc8 10.Nd4 Bg6 11.Be3 O-O 12.Nd2 Nxd2 13.Rxd2 c5 14.Nb3 b6 15.
Rad1 Qf5 16.Qc4 Qe4 17.Qxe4 Bxe4 18.f3 Bf5 19.Nc1 Rfd8 20.c3 Be6 21.Kf2 a5
22.Rxd8+ Bxd8 23.g3 Be7 1/2-1/2

[Event "14th IBM tournament"]
[Site "Amsterdam NED"]
[Date "1974.07.30"]
[Round "12"]
[White "Langeweg, Christian"]
[Black "Donner, Jan"]
[WhiteElo "2390"]
[BlackElo "2495"]
[Result "1/2-1/2"]
[EventDate "1974.07.16"]
[PlyCount "25"]

1.Nf3 c5 2.c4 Nc6 3.Nc3 g6 4.e3 d6 5.d4 Bg4 6.Be2 Bg7 7.O-O Nf6 8.h3 Bxf3 
9.Bxf3 Nd7 10.d5 Na5 11.Be2 Bxc3 12.bxc3 Nb6 13.Qc2 1/2-1/2

[Event "14th IBM tournament"]
[Site "Amsterdam NED"]
[Date "1974.07.31"]
[Round "13"]
[White "Csom, Istvan"]
[Black "Langeweg, Christian"]
[WhiteElo "2540"]
[BlackElo "2390"]
[Result "1/2-1/2"]
[EventDate "1974.07.16"]
[PlyCount "67"]

1.g3 Nf6 2.Bg2 d5 3.d3 c6 4.Nd2 e5 5.e4 Bc5 6.Ngf3 Nbd7 7.O-O O-O 8.c3 
dxe4 9.dxe4 a5 10.Qc2 b5 11.h3 Re8 12.Rd1 Qc7 13.Nf1 a4 14.Rb1 Bf8 15.Ne3 
Nc5 16.Ne1 Be6 17.b4 axb3 18.axb3 Ra6 19.Nd3 Nxd3 20.Qxd3 Ra2 21.b4 Be7 
22.Rb2 Ra1 23.Qc2 Rea8 24.Bd2 Nd7 25.Rxa1 Rxa1+ 26.Rb1 Ra2 27.Rb2 Ra1+ 28.
Rb1 Qa7 29.Kh2 Ra2 30.Rb2 Rxb2 31.Qxb2 Nb6 32.h4 Qd7 33.Bf1 g6 34.Qc2 
1/2-1/2

[Event "14th IBM tournament"]
[Site "Amsterdam NED"]
[Date "1974.07.31"]
[Round "13"]
[White "Kaplan, Julio"]
[Black "Tukmakov, Vladimir"]
[WhiteElo "2460"]
[BlackElo "2570"]
[Result "1/2-1/2"]
[EventDate "1974.07.16"]
[PlyCount "107"]

1.e4 c5 2.Nf3 e6 3.d4 cxd4 4.Nxd4 Nf6 5.Nc3 d6 6.Be2 Be7 7.f4 O-O 8.O-O 
Nc6 9.Be3 Bd7 10.Nb3 Qc7 11.Bf3 Rfd8 12.g4 Be8 13.g5 Nd7 14.Bg4 d5 15.exd5
Nb6 16.Qe2 Nxd5 17.Nxd5 Rxd5 18.Bf3 Rdd8 19.Be4 Nb4 20.Rf3 g6 21.Bd4 Bc6 
22.a3 Bxe4 23.Qxe4 Nc6 24.Bc3 b5 25.h4 a5 26.h5 b4 27.axb4 axb4 28.Rxa8 
Rxa8 29.Bf6 Rc8 30.hxg6 hxg6 31.f5 Bxf6 32.gxf6 Qe5 33.Qh4 Rd8 34.fxg6 
fxg6 35.f7+ Kg7 36.Qxd8 Qe1+ 37.Kg2 Qe2+ 38.Rf2 Qxf2+ 39.Kxf2 Nxd8 40.Nd4 
Kxf7 41.Ke3 e5 42.Ne2 Ke6 43.c3 Nc6 44.Ke4 g5 45.cxb4 Nxb4 46.Nc3 g4 47.
Na4 Na6 48.Nc3 Nc5+ 49.Ke3 Nd7 50.b4 Nf6 51.Kf2 e4 52.b5 Kd6 53.Ke3 g3 54.
Ne2 1/2-1/2

[Event "14th IBM tournament"]
[Site "Amsterdam NED"]
[Date "1974.07.31"]
[Round "13"]
[White "Ree, Hans"]
[Black "Planinc, Albin"]
[WhiteElo "2425"]
[BlackElo "2545"]
[Result "0-1"]
[EventDate "1974.07.16"]
[PlyCount "68"]

1.e4 g6 2.d4 Bg7 3.Nf3 d6 4.c3 Nf6 5.Nbd2 O-O 6.Bd3 Nbd7 7.O-O e5 8.dxe5 
dxe5 9.Nc4 Qe7 10.b4 b6 11.Qc2 Bb7 12.a4 Nh5 13.a5 f5 14.a6 Bc6 15.Ncd2 
Rae8 16.exf5 gxf5 17.Bxf5 e4 18.Nd4 Bd5 19.N2b3 Qf7 20.c4 Ba8 21.Bxd7 Qxd7
22.Be3 Nf4 23.Bxf4 Rxf4 24.Rad1 e3 25.Ne2 Rxf2 26.Rxf2 exf2+ 27.Kxf2 Qg4 
28.Ng3 h5 29.Kg1 h4 30.Nf1 Be4 31.Qd2 Bh6 32.h3 Qg6 33.Qf2 Rf8 34.Qe2 Bf3 
0-1

[Event "14th IBM tournament"]
[Site "Amsterdam NED"]
[Date "1974.08.01"]
[Round "14"]
[White "Sosonko, Gennadi"]
[Black "Geller, Efim"]
[WhiteElo "2450"]
[BlackElo "2610"]
[Result "1/2-1/2"]
[EventDate "1974.07.16"]
[PlyCount "31"]

1.d4 Nf6 2.Nf3 g6 3.g3 Bg7 4.Bg2 O-O 5.O-O d6 6.Nc3 Nbd7 7.a4 a5 8.b3 c6 
9.e4 e5 10.Ba3 exd4 11.Nxd4 Qb6 12.Bxd6 Ne8 13.Nde2 Nxd6 14.Qxd6 Qb4 15.
Qd2 Ne5 16.Rad1 1/2-1/2

[Event "14th IBM tournament"]
[Site "Amsterdam NED"]
[Date "1974.08.03"]
[Round "15"]
[White "Knaak, Rainer"]
[Black "Langeweg, Christian"]
[WhiteElo "2515"]
[BlackElo "2390"]
[Result "0-1"]
[EventDate "1974.07.16"]
[PlyCount "70"]

1.d4 Nf6 2.c4 e6 3.Nc3 Bb4 4.e3 c5 5.Bd3 O-O 6.Nf3 d5 7.O-O Nc6 8.a3 cxd4 
9.axb4 dxc3 10.bxc3 dxc4 11.Bxc4 Qc7 12.Qb3 b6 13.Rd1 Bb7 14.Bb2 a5 15.Be2
Rfc8 16.b5 Nb8 17.c4 Nbd7 18.Qc2 Ne4 19.Nd4 Ndc5 20.f3 Nf6 21.Nb3 Nfd7 22.
Nxc5 Nxc5 23.Rd4 e5 24.Rh4 h6 25.Qf5 Re8 26.f4 Qd8 27.Qg4 Qd2 28.Bxe5 
Qxe3+ 29.Kh1 Rxe5 30.fxe5 Ne4 31.Rf1 Nf2+ 32.Rxf2 Qxf2 33.h3 Rd8 34.Rh5 
Rd4 35.Rf5 Bxg2+ 0-1

[Event "14th IBM tournament"]
[Site "Amsterdam NED"]
[Date "1974.08.03"]
[Round "15"]
[White "Ree, Hans"]
[Black "Sosonko, Gennadi"]
[WhiteElo "2425"]
[BlackElo "2450"]
[Result "1/2-1/2"]
[EventDate "1974.07.16"]
[PlyCount "37"]

1.c4 Nf6 2.Nc3 e6 3.d4 Bb4 4.Qc2 c5 5.dxc5 O-O 6.Bf4 Na6 7.Bd6 Re8 8.e4 
Qa5 9.f3 Bxc5 10.Qd2 Qb6 11.Bxc5 Qxc5 12.O-O-O d5 13.e5 Nd7 14.f4 Nb6 15.
cxd5 Nxd5 16.Kb1 Nxc3+ 17.Qxc3 Qxc3 18.bxc3 Nc5 19.Bb5 1/2-1/2